000 00250nam a2200109Ia 4500
008 220204s9999 xx 000 0 und d
082 _a82-3
_bHAS
100 _aHastings
245 3 _aAn act of love
260 _aLondon
_bSilhouette
_c1983
942 _cBK
999 _c37887
_d37887